| 000 | 00936nam a2200229Ii 4500 | ||
|---|---|---|---|
| 003 | JO-AjNU | ||
| 008 | 230605s9999||||xx |||||||||||||| ||und|| | ||
| 017 | _a1997/5573 | ||
| 020 | _a977-5242-24-X | ||
| 040 |
_aJO-AjNU _bara _erda _cJO-AjNU |
||
| 041 | _aara | ||
| 050 | 1 | 4 | _aBP194.S247 1997 |
| 100 | 3 |
_aالسالوس، علي أحمد, _eauthor _956489 |
|
| 245 | 0 | 0 | _aمع الشيعة الإثني عشرية في الأصول والفروع موسوعة شاملة ج4: دراسة مقارنة في الفقه وأصوله |
| 250 | _aط1 | ||
| 264 | 3 | 1 | _aالدوحة-القاهرة: دار الثقافة، دار التقوى للنشر والتوزيع، 1997 |
| 300 |
_aج4، 324ص _bمراجع الكتاب ص283-316 |
||
| 336 |
_atext _btxt _2rdacontent |
||
| 337 |
_aunmediated _bn _2rdamedia |
||
| 338 |
_avolume _bnc _2rdacarrier |
||
| 650 | 4 |
_aالاثنا عشرية- فرقة اسلامية- الشيعة _956490 |
|
| 999 |
_aA25257 _c28825 _d28825 |
||